Pluralita a diverzita (nielen) morálnych hodnôt v postmodernom myslení

Bibliographic Details
Main Author: Kondrla, Peter, 1972- (Author)
Format: Article
Language:Slovak
ISBN:9788080687137
Subjects:

MARC

LEADER 00000nab a2200000 a 4500
001 vtls009338266
003 SK-MaSNL
005 20260305022713.0
008 080925c2008 xo r m 000 00slo
015 |a SNBRA2008/09SVKPO 
038 |a SVKPO 
040 |a SVKPOCL  |c slo  |e AACR2 
041 0 |a slo 
044 |a xo  |c SK 
080 |a 17.022.1  |2 2001 
080 |a 141.201  |2 2001 
080 |a 141.132  |2 2001 
080 |a 304.3"19/20"  |2 2001 
100 1 |a Kondrla, Peter,  |d 1972-  |4 aut  |9 231150 
245 1 0 |a Pluralita a diverzita (nielen) morálnych hodnôt v postmodernom myslení  |c Peter Kondrla 
504 |a Bibliogr. odkazy 
650 0 7 |a etika  |2 svkpocl  |9 792 
650 0 7 |a morálne hodnoty  |2 svkpocl  |9 67897 
650 0 7 |a postmodernizmus  |2 svkpocl  |9 4085 
773 0 |t Morálka a súčasnosť  |d Prešov : Prešovská univerzita, Filozofická fakulta, 2008  |g S. 128-132  |z 9788080687137 
852 |a SVKPO  |b KIS3GCP 
958 |a SK 
958 |a NB 
999 |c 3292328  |d 3294258